00477nam a2200145Ia 450000500170000000800410001702000180005808200170007610000160009324500360010926000370014530000130018250001280019565000080032320250728154342.0250728s9999 xx 000 0 und d a9780521875158 a951.056bCLA aClark, Paul 4aThe Chinese Cultural Revolution bCambridge University Pressc2008 a15 pages aThis book analyzes the Cultural Revolution through the conflict between innovation and a top-down enforcement of modernity. aArt